000 00592nam a2200169 4500
001 126254
003 ES-MaACL
005 20230906192803.0
007 t|
008 070214s1969 sp r ||||1| spa d
100 1 _aRecasens Comes, José María.
_995745
245 1 3 _aEl Instituto de Enseñanza Media `Antonio Martí y Franques` de Tarragona
_b: (1845-1965) /
_cJosé María Recasens Comes, José Sánchez Real.
260 _aTarragona :
_bEl Instituto,
_c1969.
300 _a144 p., 16 lám. ;
_c21 cm.
700 1 _aSánchez Real, José.
_9102870
852 _aES-MaACL
_jC-46851
_bR.71700
999 _c126254
_d126254